00951 2200313 4500001002100000005001500021035002500036008004100061020001800102043001200120082001600132090002100148100002000169245015100189250001100340260004800351300002700399500001100426504003100437650002200468999002100490084001800511850001200529710001700541710001700558710002000575710002100595990002100616YOGYA-0411000000098020250620102310 a0010-041100000000980250620s1998 ind d a979-8633-28-6 aYOPDDIY04223a297.633 aCB-D.11 1998-135 aAHMAD, Ziauddin10aAl-Qur'an : kemiskinan dan pemeratan pendapatan /cZiauddin Ahmad ; editor, H.M Sonhaji, Abdul jabar, Nurul Ummahati ; penerjemah, Ratri Pirianita aCet. 131aYogyakarta :bDana Bhakti Prima Yasa,c1998 axx, 125 hlm. ;c24 cm. aIndeks aBibliografi : hlm. 113-120 4aIslam dan ekonomi aCB-D.11/1998-135 a297.633 Ahm Q aYOPDYOG aSonhaji, H.M aJabar, Abdul aUmmahati, Nurul aPirianita, Ratri aCB-D.11/1998-135